000
00331nam a2200145Ia 4500
003
OSt
005
20231215064231.0
008
170524s9999 xx 000 0 und d
020
_a
9788188837892
040
_c
IIMT UNIVERSITY
100
_a
SINGH- JITENDRA
245
0
_a
MEDIA & SOCIETY
260
_b
SUMIT : DELHI
942
_2
ddc
_c
01
999
_c
9044
_d
9044